| 000 | 00785nam a22002297a 4500 | ||
|---|---|---|---|
| 999 |
_c20059 _d20059 |
||
| 003 | AR-CdUCM | ||
| 008 | 190525b ||||| |||| 00| 0 spa d | ||
| 040 |
_aMUNICIPALIDAD PROVINCIAL DEL CUSCO _cBIBLIOTECA MUNICIPAL DEL CUSCO |
||
| 041 | _heng | ||
| 082 |
_a376.5 / _b497 _22ed. |
||
| 100 |
_aHutchins, Robert M. _941969 |
||
| 245 | _aLa universidad de Utopía / | ||
| 260 |
_aArgentina : _bEudeba, _c1961. |
||
| 300 |
_a59 páginas ; _c25 cm. |
||
| 505 | _aContenido: La industrialización -- La especialización -- La diversidad filosófica... | ||
| 650 |
_aIndustrialización _91455 |
||
| 650 |
_aConformismo social _941970 |
||
| 650 |
_aConformismo político _941971 |
||
| 700 |
_aRosenblatt, Noemí (traductora) _941972 |
||
| 942 |
_2ddc _cLIBROS |
||
| 945 |
_aAndy _d2019-05-25 |
||